000
00217 a2200097 4500
001
59983
100
_a
245
_a
Patrus Kay Mazameen
260
_a
Lahore
_b
Al-Faisal Nashran
_c
2009
090
_c
36816
_d
36816
942
_a
NUST-CAE
_c
MONOGRAPH
_c
29798
999
_c
295056
_d
295056